00902cam a2200265 i 4500001000300000003000900003005001700012008004100029015001700070020001500087040003500102080000800137080001200145100003700157240002300194245006200217250001800279260006000297300005500357504003500412655003000447650001500477710004600492856009800538bgKOSZ 00520240410062859.0070309s2007 pl a e f |001 0dpol  aPB 6271/2007 a8324002189 cKOSZ 005/HRaWA NdKOSZ 005/HR a316 a(075.8)1 aSztompka, Piotrd(1944- )eAutor10aSocjologial(pol.)10aSocjologia :banaliza społeczeństwa /cPiotr Sztompka. aWyd. 1, dodr. aKraków :bSpołeczny Instytut Wydawniczy Znak,c2007. a653, [3] s., [32] s. tabl. kolor. :bil. ;c25 cm. aBibliogr. s. 633-637. Indeksy. aPodręczniki akademickie 4aSocjologia2 aSpołeczny Instytut Wydawniczy Znak4pbl. uhttp://koha.tu.koszalin.pl/cgi-bin/koha/opac-detail.pl?biblionumber=55314yKatalog online BPK